Reading the Media : (Record no. 608700)

MARC details
000 -LEADER
fixed length control field 00476nam a2200181 a 4500
008 - FIXED-LENGTH DATA ELEMENTS--GENERAL INFORMATION
fixed length control field 260120s2006##################000#0#eng##
020 ## - INTERNATIONAL STANDARD BOOK NUMBER
ISBN 9780807747391
082 04 - DEWEY DECIMAL CLASSIFICATION NUMBER
Classification number 302.2307
Item number HOB
100 1# - MAIN ENTRY--AUTHOR NAME
Personal name Hobbs, Renee,
245 10 - TITLE STATEMENT
Title Reading the Media :
260 ## - PUBLICATION, DISTRIBUTION, ETC. (IMPRINT)
Name of publisher Teachers College Press,
Year of publication 2006.
650 #0 - SUBJECT ADDED ENTRY--TOPICAL TERM
Topical Term Critical thinking.
942 ## - ADDED ENTRY ELEMENTS (KOHA)
Koha item type English Books
Holdings
Withdrawn status Lost status Damaged status Not for loan Home library Current library Shelving location Date acquired Full call number Accession Number Price effective from Koha item type
        Anna Centenary Library Anna Centenary Library 3RD FLOOR, B WING 20.01.2026 302.2307 HOB 439803 20.01.2026 English Books

Find us on the map